00635nam a2200157Ia 4500003000900000008004100009040001600050080001500066110003900081111005900120245020500179260004000384300001300424650003000437710001000467IN-BaIIA211028s9999 xx 000 0 eng d cIIA Library a515.5bISR aIndian Space Research Organisation aNational Space Science SymposiumcIndiad1982 Feb. 3-6 0aCompilation of abstracts of contributed papers- Ionosphere and magnetospherebvol. 2, National Space Science Symposium held in Bangalore, India, 3-6, Ferbruary 1982cIndian Space Research Organisation aBangalorebHAL Printing Pressc1982 a170-365p aIonosphere, magnetosphere aISRO